| 000 | 00000nam##2200000za#4500 |
| 001 | 9.577161 |
| 003 | CaOODSP |
| 005 | 20210624185500 |
| 007 | cr ||||||||||| |
| 008 | 150406|1993||||xxc|||||o f|0| 0 eng|d |
| 040 | |aCaOODSP|beng |
| 043 | |an-cn--- |
| 086 | 1 |aFs97-13/906E-PDF |
| 110 | 1 |aCanada. |bDepartment of Fisheries and Oceans. |
| 245 | 10|aBehavioural responses of adult sockeye salmon (Oncorhynchus nerka) under simulated estuarine conditions and salt water hypoxia / |h[electronic resource]|cby G.E. Piercey ... [et al.] |
| 260 | |aWest Vancouver - British Columbia : |bFisheries and Oceans Canada |c1993. |
| 300 | |a284p.|breferences, tables |
| 490 | 1 |aCanadian data report of fisheries and aquatic sciences|vNo. 906 |
| 500 | |aOn t.p.: Biological Sciences Branch, West Vancouver Laboratory, West Vancouver, British Columbia. Catalogue number and ISSN of the print edition appear in the PDF version. |
| 546 | |a(Résumé en français) |
| 590 | |a13-20-Supp|b2013-08-30 |
| 720 | 1 |aPiercey, G. E. |
| 830 | #0|aCanadian data report of fisheries and aquatic sciences ;|vNo. 906|w(CaOODSP)9.505124 |
| 856 | 40|ahttp://publications.gc.ca|qPDF|s4745 KB|uhttps://publications.gc.ca/collections/collection_2013/mpo-dfo/Fs97-13-906-eng.pdf|yNo. 906 |